000 01532nam a2200397Ia 4500
001 ebr10704788
003 CaPaEBR
006 m o u
007 cr cn|||||||||
008 910130s1991 nyua sb 001 0 eng d
010 _z 91055055
020 _z0801478855 (Trade Paper)
020 _z9780801468384 (ebook)
020 _z9780801478857
020 _z0801425638 (cloth : alk. paper)
040 _aCaPaEBR
_cCaPaEBR
035 _a(OCoLC)849921500
050 1 4 _aU11
_b.P83 1991eb
082 0 4 _a355.02/15
_220
100 1 _aPosen, Barry R.
245 1 0 _aInadvertent escalation
_h[electronic resource] :
_bconventional war and nuclear risks /
_cBarry R. Posen.
260 _aIthaca, N.Y. :
_bCornell University Press,
_cc1991.
300 _axi, 280 p. :
_bill.
490 1 _aCornell studies in security affairs
504 _aIncludes bibliographical references (p. 263-274) and index.
533 _aElectronic reproduction.
_bPalo Alto, Calif. :
_cebrary,
_d2013.
_nAvailable via World Wide Web.
_nAccess may be limited to ebrary affiliated libraries.
650 0 _aEscalation (Military science)
650 0 _aNuclear threshold (Strategy)
650 0 _aLimited war.
651 0 _aEurope
_xDefenses.
651 0 _aUnited States
_xMilitary policy.
655 7 _aElectronic books.
_2local
710 2 _aebrary, Inc.
830 0 _aCornell studies in security affairs.
856 4 0 _uhttp://site.ebrary.com/lib/rucke/Doc?id=10704788
_zAn electronic book accessible through the World Wide Web; click to view
999 _c20474
_d20474